Statystyki dla Największe miasta sąsiadów Polski

Kliknij tutaj aby rozwiązać quiz!

Ogólne statystyki

  • Ten quiz został rozwiązany 260 razy
  • Średni wynik to 15 z 21

Statystyki odpowiedzi

KrajLiczba mieszkańcówmiasto% Poprawnych
Niemcy3 644 826Berlin
100%
Rosja12 330 943Moskwa
99%
Czechy1 280 508Praga
98%
Ukraina2 814 258Kijów
97%
Białoruś1 974 819Mińsk
97%
Słowacja425 923Bratysława
96%
Litwa527 930Wilno
96%
Niemcy1 471 508Monachium
94%
Rosja5 225 219Petersburg
93%
Niemcy1 841 179Hamburg
89%
Ukraina1 441 362Charków
75%
Litwa307 498Kowno
66%
Ukaina1 008 162Odessa
64%
Czechy404 820Brno
62%
Czechy293 531Ostrawa
60%
Litwa158 891Kłajpeda
47%
Słowacja239 141Koszyce
46%
Białoruś535 229Homel
29%
Białoruś380 440Mohylew
26%
Rosja1 584 921Nowosybirsk
23%
Słowacja89 618Preszów
19%

Rozkład punktacji

Percentyl według liczby udzielonych odpowiedzi

Procent ludzi z każdym wynikiem

Twoja historia wyników

Nie rozwiązałeś tego quizu